00540nam a2200157 a 450000100100000000500170001000800410002702000150006804000250008308200080010810000240011624500670014026000540020730000210026150001000028200003982020201002033743.0130723s1996 ck 000 0 spa d a958913601X aDO-SdBNPbspacBNPHU axxx1 aGalvis Ortiz, Ligia10aComprensión de los derechos humanos /cLigia Galvis Ortíz. aSantafé de Bogotá, Colombia :bAurora,c1996. a357 p. ;c25 cm. aHacia una cultura de los derechos humanos:Historia, legislación y protección internacional.